01177nab a22002537a 4500999001500000003000400015005001700019008004100036040000700077100002900084245014000113260007300253300001500326500003700341505011100378505008100489650002300570650002300593650003300616650005800649650004800707773015500755942001300910 c6503d6503OSt20260213122128.0190429b xxu||||| |||| 00| 0 spa d cPJ 96979aBonhote, Laura V. 10aUn nuevo standard de la Corte Suprema contra la revictimización institucional de niñas, niños y adolescentes /cLaura V. Bonhote. cCiudad Autónoma de Buenos Aires :aThomson Reuters La Ley, b2024. ap. 111-119 aCita: TR LALEY AR/DOC/2274/2023. aSumario: I. Introducción.— II. El nuevo precedente de la Corte Suprema "G.G.E.".— III. Conclusiones. tSi te interesa el texto completo, solicitalo a koha@justierradelfuego.gov.ar 09343aDERECHO PENAL 092903aABUSO SEXUAL 095741aSENTENCIA CONDENATORIA 092741aDERECHOS DE LAS NIÑAS, NIÑOS Y ADOLESCENTES 09822aCORTE SUPREMA DE JUSTICIA DE LA NACION0 0265893164tRevista de derecho penal y criminología. Nº 7 - Junio 2024dCiudad Autónoma de Buenos Aires : Thomson Reuters La Ley, 2017-x00347914 2udccANA